• 首页
  • 本馆介绍
  • 公告通知
  • 最新文献
  • 馆藏检索
  • 电子资源
  • 读者导购
  • 参考咨询
  • 我的图书馆
  • 登录
  • 详细信息显示
  • 放入我的书架
  • 预约/预借图书
  • 作者相关作品
  • 分类相关作品
  • 丛书相关作品
  • 出版社相关作品

书目信息

  • 表格格式
  • 工作单格式
  • 卡片格式
题名:
中世纪生活
    
 
作者: 尼科尔 著 ;曾玲玲 , 殷小平 , 张小贵 译
分册:  
出版信息: 太原   希望出版社  2007
页数: 207页
开本: 24cm
丛书名: 人类生活图卷
单 册:
中图分类: K13-49
科图分类:
主题词: 世界史--中世纪史--通俗读物 , 世界史 , 中世纪史
电子资源:
ISBN: 978-7-5379-3822-8
000 01148oam2 2200313 450
001 1251325620
005 20121007141607.39
010    @a978-7-5379-3822-8@dCNY38.00
100    @a20070226d2007 em y0chiy50 ea
101 1  @achi@ceng
102    @aCN@b140000
105    @aa z 000yy
200 1  @a中世纪生活@Azhong shi ji sheng huo@dHistory of medieval life@f(英)大卫·尼科尔著@g曾玲玲,殷小平,张小贵译@zeng
210    @a太原@c希望出版社@d2007
215    @a207页@c图@d24cm
225 2  @a人类生活图卷
330    @a本书叙述的范围是人类的中世纪而非欧洲的中世纪,它所关注的是同时代世界各主要民族的生存状态,展示的是一幅全球视野下的、贯穿了500年时光的人类风俗长卷,以及隐藏在其中大量普通细节下的多元生活价值。
461  0 @12001 @a人类生活图卷
510 1  @aHistory of medieval life@zeng
606 0  @a世界史@x中世纪史@j通俗读物
606 0  @a世界史
606 0  @a中世纪史
690    @aK13-49@v4
701  0 @c(英)@a尼科尔@Ani ke er@4著
702  0 @a曾玲玲@Azeng ling ling@c(文史)@4译
702  0 @a殷小平@Ayin xiao ping@c(女)@4译
702  0 @a张小贵@Azhang xiao gui@4译
801  0 @aCN@bNLC@c20101222
905    @a10447@dK13-49@eJY11
    
    中世纪生活=History of medieval life/(英)大卫·尼科尔著/曾玲玲,殷小平,张小贵译.-太原:希望出版社,2007
    207页:图;24cm.-(人类生活图卷)
    
    
    ISBN 978-7-5379-3822-8:CNY38.00
    本书叙述的范围是人类的中世纪而非欧洲的中世纪,它所关注的是同时代世界各主要民族的生存状态,展示的是一幅全球视野下的、贯穿了500年时光的人类风俗长卷,以及隐藏在其中大量普通细节下的多元生活价值。
●
相关链接 在E读中查询图书 在五车中查询图书 在当当中查询图书 在豆瓣中查询图书


正题名:中世纪生活     索取号:K13-49/JY11         预约/预借

序号 登录号 条形码 馆藏地/架位号 状态 备注
1 7831341   278313415   学院路分馆/ [索取号:K13-49/JY11] 在馆    
唐山师范学院图书馆 欢迎您!
大连网信软件有限公司© 版权所有